000 01153pam a2200289 a 4500
999 _c7672
_d7672
001 3469591
003 OSt
005 20220204094954.0
008 930730s1994 enka b 001 0 eng
010 _a 93027336
020 _a0521452619 (hardback)
040 _aDLC
_cDLC
_dDLC
050 0 0 _aBD632
_b.N47 1994
082 0 0 _a530.11NER 1994
100 1 _aNerlich, Graham,
_d1929-
_915678
245 1 0 _aWhat spacetime explains :
_bmetaphysical essays on space and time /
_cGraham Nerlich.
260 _aCambridge ;
_aNew York :
_bCambridge University Press,
_cc1994.
300 _axiv, 283 p. :
_bill. ;
_c24 cm.
504 _aIncludes bibliographical references (p. [273]-280) and index.
650 0 _aSpace and time.
_915679
650 0 _aRelativity (Physics)
_98007
856 4 1 _3Table of contents
_uhttp://www.loc.gov/catdir/toc/cam023/93027336.html
856 4 2 _3Publisher description
_uhttp://www.loc.gov/catdir/description/cam025/93027336.html
906 _a7
_bcbc
_corignew
_d1
_eocip
_f19
_gy-gencatlg
942 _2ddc
_cO_SHELF